| 000 | 00549nam a2200181Ia 4500 | ||
|---|---|---|---|
| 008 | 090201s9999 xx 000 0 und d | ||
| 010 | _aKPL-17906 | ||
| 040 | _bमराठी | ||
| 041 | _aमराठी | ||
| 082 |
_a9588 _b17906 |
||
| 100 | _aउध्दव शेळके | ||
| 245 | _aलेडिज हॉस्टेल | ||
| 245 | _cउध्दव शेळके | ||
| 260 |
_c2004 _bअनुपम प्रकाशन |
||
| 300 |
_a245 _bमोठा |
||
| 600 | _aलेडिज हॉस्टेल | ||
| 942 | _cBOOK | ||
| 999 |
_c210094 _d210094 |
||